000 00998nas a2200349 4500
001 BR0302209
003 BR-BrBNA
005 20231205103743.0
007 ta
008 230509b bl.|||p| |||| 00| 00por d
040 _aBR-BrBNA
_bpor
_cBiblioteca Nacional de Agricultura
041 _a(Pt)
072 _aP34
100 1 _aAlbuquerque, P.H.S.
100 1 _aPedrosa, E.M.R.
100 1 _aMoura, R.M.
245 1 _aRelações nematóide-hospedeiro em solo infestado por Meloidogyne spp. e tratado com torta de filtro e vinhaça
650 _aCANA DE ACÚCAR
650 _aMILHO
650 _aMELOIDOGINOSE
650 _aVINHAÇA
650 _aESTUFA
650 _aTORTA
650 _aFILTRO
650 _aNEMATÓIDE
650 _aGALHA
650 _aMATÉRIA ORGÂNICA
650 _aINOCULAÇÃO
773 0 _tNematologia Brasileira (Brazil)
_xISSN 0102-2997
_g(Jun 2002), v. 26(1) p. 27-34
_wBR0302209
909 _a202311
_bLúcia
_c55
_dLúcia Elande
942 _2AGRIS
_n0
_cANA
999 _c174551
_d174551